IEEE transactions on computers a publication of the IEEE Computer Society

Enregistré dans:
Détails bibliographiques
Format: Publication en série
Langue:anglais
Publié: New York Institute of Electrical and Electronics Engineers
Tags: Ajouter un tag
Pas de tags, Soyez le premier à ajouter un tag!

MARC

LEADER 00000nas1a2200000$$$4500
001 0016137
005 20250730114821.0
041 0 |a eng 
044 |a US 
245 1 0 |a IEEE transactions on computers  |b a publication of the IEEE Computer Society 
264 1 |a New York  |b Institute of Electrical and Electronics Engineers